000 00679cam a22002173a 4500
001 38764
003 PGUSA
005 20140828083844.0
008 120204s2012||||xxu|||||s|||||000 | eng d
040 _aPGUSA
_beng
042 _adc
100 1 _aHenty, G. A.
_q(George Alfred),
_d1832-1902
245 1 2 _aA Roving Commission :
_bOr, Through the Black Insurrection at Hayti
_h[electronic resource] /
_cG. A. Henty
260 _bProject Gutenberg,
_c2012
506 _aPublic domain in the USA.
516 _aElectronic text
700 1 _aRainey, W.
_q(William),
_d1852-1936
830 0 _aProject Gutenberg
_v38764
856 4 0 _uhttp://www.gutenberg.org/ebooks/38764
942 _cEB
999 _c268018
_d268018